000 00501 a2200205 4500
005 20260401120824.0
008 260324b |||||||| |||| 00| 0 eng d
020 _a9781911216735
_c£ 20.00
040 _aMAIN
082 _a641.57
_bS61S
100 _aSnow, Alan
245 _aSnows kitchenalia
260 _b Pavilion Children'S Books
_c2017
_aChina
300 _a208
650 _aHotel Management
650 _aKitchen Equipment
650 _aCooking
650 _aFood
942 _cBK
999 _c395644
_d395644